Composition Diagram of a Complex Process: a Contribution to Business Process Modelling

Definícia obchodného procesu. Modelovanie obchodného procesu. Nová technika diagramu - diagram zloženia zložitého procesu. Príklady použitia novej techniky diagramov.

Guardado en:
Detalles Bibliográficos
Autor principal: Jurík, Pavol, 1987-
Otros Autores: Schmidt, Peter, 1968-
Formato: Capítulo de libro
Lenguaje:inglés
Materias:
Etiquetas: Agregar Etiqueta
Sin Etiquetas, Sea el primero en etiquetar este registro!

MARC

LEADER 00000naa$a2200000$$$4500
001 0270668
005 20240502083815.1
041 0 |a eng 
044 |a HU 
245 1 0 |a Composition Diagram of a Complex Process: a Contribution to Business Process Modelling  |c Pavol Jurík, Peter Schmidt 
520 |a Definícia obchodného procesu. Modelovanie obchodného procesu. Nová technika diagramu - diagram zloženia zložitého procesu. Príklady použitia novej techniky diagramov. 
610 2 0 |a modelovanie 
610 2 0 |a procesy podnikové 
610 2 0 |a diagramy 
100 1 |a Jurík, Pavol, 1987- 
700 1 |a Schmidt, Peter, 1968-